| 000 | 00903nam a2200313 a 4500 | ||
|---|---|---|---|
| 003 | AR-BaBNM | ||
| 005 | 20251128204141.0 | ||
| 008 | 082120s2002 ||||||||||||||000 | spa|| | ||
| 020 | _a950-25-0093-9 | ||
| 040 | _cAR-BaBNM | ||
| 100 | 1 | _aItzcovitz, Victoria | |
| 245 | 0 | 0 |
_aEstilo de gobierno y crisis política _b1973-1976 |
| 260 |
_aBuenos Aires _bCentro Editor de América Latina _c1985 |
||
| 300 | _a143 p. | ||
| 490 | 0 |
_aBiblioteca política Argentina _vv. 93 |
|
| 500 | _aApéndice documental en p.115-143 | ||
| 504 | _aBibliografía en p.112-113 | ||
| 600 | 0 | 4 |
_aMartínez de Perón _d1974-1976 |
| 600 | 1 | 4 | _aPerón, Juan Domingo |
| 610 | 2 | 4 | _aPartido Justicialista |
| 650 | 4 | _aHISTORIA ARGENTINA | |
| 650 | 4 | _aPOLITICA | |
| 650 | 4 | _aCRISIS POLITICAS | |
| 651 | 4 | _aArgentina | |
| 653 | _aPERONISMO | ||
| 800 | 1 |
_aTroncoso, Oscar _edirector |
|
| 942 | _cBK | ||
| 998 | _cenrique | ||
| 999 |
_c6382 _d6382 |
||